000 00592nam a2200157 a 4500
001 000026069
005 20221102093910.0
008 110228s1996 dr 000 0 spa d
040 _aDO-SdBNP
_bspa
_cBNPHU
245 0 0 _aCatálogo :
_bguía completa sobre la universidad APEC/.
260 _aSanto Domingo :
_bEditora Taller,
_c1996.
300 _a233 p. :
_bil., retrs. ;
_c22 cm.
500 _aSu identidad, planta física, actividades académicas, política universitaria, programas de grado, de nivel técnico, de posgrado y maestrias
710 2 _aUniversidad APEC
_930673
049 _aBNPD
999 _c25561
_d25561